Travaux de l'Association Henri Capitant pour la culture Juridique Francaise
Salvato in:
| Natura: | Libro |
|---|---|
| Lingua: | francese |
| Pubblicazione: |
París
Dalloz
1957
|
| Soggetti: | |
| Tags: |
Aggiungi Tag
Nessun Tag, puoi essere il primo ad aggiungerne!!
|
MARC
| LEADER | 00000nam a2200000 a 4500 | ||
|---|---|---|---|
| 001 | UCZ0865 | ||
| 003 | CL-VaPUC | ||
| 008 | 950810e19570000FR |||||||||||||||||fre|d | ||
| 082 | 0 | 4 | |a 340.09 |b TRA |2 21 |
| 245 | 1 | 0 | |a Travaux de l'Association Henri Capitant pour la culture Juridique Francaise |
| 300 | |a v | ||
| 942 | |c BK | ||
| 945 | |d 19950810 00:00:00 |a aalvarez | ||
| 260 | |a París |b Dalloz |c 1957 | ||
| 500 | |a v.9: 1955 | ||
| 500 | |a v.10: 1956 | ||
| 500 | |a v.11: 1957 | ||
| 500 | |a v.13: 1959-1960 | ||
| 500 | |a v.14: 1961-1962 | ||
| 500 | |a v.15: 1963 | ||
| 500 | |a v.16: 1965. La croissance des villes et son influence sur le régime juridique de la propriété inmobiliére, Journées de Liege | ||
| 500 | |a v.24: 1973. La protection des consommateurs, Journées Canadiennes | ||
| 500 | |a v.44: 1993. La circulatión du modele juridique francais, Journés franco-italiennes | ||
| 650 | 7 | |a DERECHO |2 CL-VaPUC |9 344169 | |
| 651 | 0 | |a Francia |9 255157 | |
| 583 | |a last modification |c 19950810 00:00:00 |k Rodrigo Vera | ||
| 999 | |c 237748 |d 237746 | ||
| 952 | |0 0 |1 0 |4 0 |6 340_090000000000000_TRA_1957 |7 0 |8 A |9 247409 |a BIBDER |b BIBDER |d 2019-11-18 |h v.44 |i 3109666 |o 340.09 TRA 1957 |p 3109666 |r 2023-01-25 |w 2019-11-18 |y BK |k DER | ||
| 952 | |0 0 |1 0 |4 0 |6 340_090000000000000_TRA_1957 |7 0 |8 A |9 247410 |a BIBDER |b BIBDER |d 2019-11-18 |h v.9 |i 1822586 |o 340.09 TRA 1957 |p 1822586 |r 2023-01-25 |w 2019-11-18 |y BK |k DER | ||
| 952 | |0 0 |1 0 |4 0 |6 340_090000000000000_TRA_1957 |7 0 |8 A |9 247411 |a BIBDER |b BIBDER |d 2019-11-18 |h v.10 |i 1822594 |o 340.09 TRA 1957 |p 1822594 |r 2023-01-25 |w 2019-11-18 |y BK |k DER | ||
| 952 | |0 0 |1 0 |4 0 |6 340_090000000000000_TRA_1957 |7 0 |8 A |9 247412 |a BIBDER |b BIBDER |d 2019-11-18 |h v.11 |i 1822608 |o 340.09 TRA 1957 |p 1822608 |r 2023-01-25 |w 2019-11-18 |y BK |k DER | ||
| 952 | |0 0 |1 0 |4 0 |6 340_090000000000000_TRA_1957 |7 0 |8 A |9 247413 |a BIBDER |b BIBDER |d 2019-11-18 |h v.13 |i 1822616 |o 340.09 TRA 1957 |p 1822616 |r 2023-01-25 |w 2019-11-18 |y BK |k DER | ||
| 952 | |0 0 |1 0 |4 0 |6 340_090000000000000_TRA_1957 |7 0 |8 A |9 247414 |a BIBDER |b BIBDER |d 2019-11-18 |h v.14 |i 1822624 |o 340.09 TRA 1957 |p 1822624 |r 2023-01-25 |w 2019-11-18 |y BK |k DER | ||
| 952 | |0 0 |1 0 |4 0 |6 340_090000000000000_TRA_1957 |7 0 |8 A |9 247415 |a BIBDER |b BIBDER |d 2019-11-18 |h v.15 |i 1822632 |o 340.09 TRA 1957 |p 1822632 |r 2023-01-25 |w 2019-11-18 |y BK |k DER | ||
| 952 | |0 0 |1 0 |4 0 |6 340_090000000000000_TRA_1957 |7 0 |8 A |9 247416 |a BIBDER |b BIBDER |d 2019-11-18 |h v.16 |i 1822640 |o 340.09 TRA 1957 |p 1822640 |r 2023-01-25 |w 2019-11-18 |y BK |k DER | ||
| 952 | |0 0 |1 0 |4 0 |6 340_090000000000000_TRA_1957 |7 0 |8 A |9 247417 |a BIBDER |b BIBDER |d 2019-11-18 |h v.24 |i 1822659 |o 340.09 TRA 1957 |p 1822659 |r 2023-01-25 |w 2019-11-18 |y BK |k DER | ||
| 952 | |0 0 |1 0 |4 0 |6 340_090000000000000_TRA_1957 |7 0 |8 A |9 247418 |a BIBDER |b BIBDER |d 2019-11-18 |h v.11sup |i 1846671 |o 340.09 TRA 1957 |p 1846671 |r 2019-11-18 |w 2019-11-18 |y BK |k DER | ||